|
|
|
|
| LEADER |
01813nam a2200409 i 4500 |
| 001 |
EBC6452637 |
| 003 |
MiAaPQ |
| 005 |
20210615182723.0 |
| 006 |
m o d | |
| 007 |
cr cnu|||||||| |
| 008 |
210615s2021 njua o 001 0 eng d |
| 020 |
|
|
|a 9781119758686
|q (electronic bk.)
|
| 020 |
|
|
|z 9781119758679
|q (print)
|
| 035 |
|
|
|a (MiAaPQ)EBC6452637
|
| 035 |
|
|
|a (Au-PeEL)EBL6452637
|
| 035 |
|
|
|a (OCoLC)1231608070
|
| 040 |
|
|
|a MiAaPQ
|b eng
|e rda
|e pn
|c MiAaPQ
|d MiAaPQ
|
| 050 |
|
4 |
|a HD30.2
|b .V39 2021
|
| 082 |
0 |
|
|a 658.4038
|2 23
|
| 100 |
1 |
|
|a Vaz, Nigel,
|e author.
|
| 245 |
1 |
0 |
|a Digital business transformation :
|b how established companies sustain competitive advantage from now to next /
|c Nigel Vaz.
|
| 264 |
|
1 |
|a Hoboken, New Jersey :
|b John Wiley & Sons, Incorporated,
|c [2021]
|
| 264 |
|
4 |
|c 2021
|
| 300 |
|
|
|a 1 online resource (227 pages) :
|b illustrations
|
| 336 |
|
|
|a text
|b txt
|2 rdacontent
|
| 337 |
|
|
|a computer
|b c
|2 rdamedia
|
| 338 |
|
|
|a online resource
|b cr
|2 rdacarrier
|
| 500 |
|
|
|a Includes index.
|
| 588 |
|
|
|a Description based on print version record.
|
| 590 |
|
|
|a Electronic reproduction. Ann Arbor, MI : ProQuest, 2018. Available via World Wide Web. Access may be limited to ProQuest affiliated libraries.
|
| 650 |
|
0 |
|a Information technology
|x Economic aspects.
|
| 650 |
|
0 |
|a Information technology
|x Management.
|
| 650 |
|
0 |
|a Organizational change.
|
| 655 |
|
4 |
|a Electronic books.
|
| 776 |
0 |
8 |
|i Print version:
|a Vaz, Nigel.
|t Digital business transformation : how established companies sustain competitive advantage from now to next.
|d Hoboken, New Jersey : John Wiley & Sons, Incorporated, c2021
|h 227 pages
|z 9781119758679
|w (DLC) 2020041519
|
| 797 |
2 |
|
|a ProQuest (Firm)
|
| 856 |
4 |
0 |
|u https://ebookcentral.proquest.com/lib/matrademy/detail.action?docID=6452637
|z Click to View
|